Loading...

Nonparametric statistical methods using R

Bibliographic Details
Main Author: Cline, Graysen
Format: Printed Book
Published: ED Tech Press 2019
LEADER 00440nam a22001337a 4500
999 |c 243421  |d 243421 
020 |a 9781788820790 
082 |a 519.54  |b CLI 
100 |a Cline, Graysen 
245 |a Nonparametric statistical methods using R  |c Graysen, Cline 
260 |b ED Tech Press  |c 2019 
300 |a 318 pages 
942 |c BK 
952 |0 0  |1 0  |4 0  |6 519_540000000000000_CLI  |7 0  |9 258621  |a DCS  |b DCS  |c REF  |d 2020-01-01  |l 0  |o 519.54 CLI  |p DCS4727  |r 2020-01-01  |w 2020-01-01  |y BK